000 00320nam a22001457a 4500
003 SGT
020 _a978-1-4200-4608-3
082 _a621.3822
_bMAD
100 _aMADISCTTI, VIJAY K.
245 _aTHE DIGITAL SIGNAL PROCESSING
250 _a2ND
260 _aLONDON
_bCRC
_c2010
300 _aI-12
942 _2ddc
_cBK
999 _c22413
_d22413